Responses for show #4935 - Friday, February 10, 2006

2006 Teen Tournament quarterfinal game 5.

Contestants

[<< previous game]

Andrew Watkins, a junior from Pittsburgh, Pennsylvania

David Hoffelmeyer, a senior from St. Joseph, Missouri

Laura Ansley, a senior from Twinsburg, Ohio

[next game >>]

Jeopardy! Round responses

LITERARY CHARACTERS
TV CASTS
RED, WHITE OR BLUE
(Alex: Each correct response is a phrase, not just the color. Remember that.)
FAMOUS NAMES
AMERICAN PRODUCTS ABROAD
"YO" !
    $200 6
Tarzan

Andrew
    $200 1
Survivor

Laura
    $200 16
a white lie

David
    $200 11
Louis

David
    $200 26
McDonald's

David
    $200 21
yoga

David
    $400 7
Dobby

Laura
    $400 2
The Apprentice

Andrew
    $400 17
a red carpet

Laura
    $400 12
Amerigo Vespucci

David
    $400 27
Time

David
    $400 22
Tokyo

Andrew
    $600 8
(Andrew: What is... Sisterhood of the Traveling Pants?)

The Princess Diaries

LauraAndrew
    $600 3
(Alex: Oh, and that's a very popular series, [*].)

Lost

Triple Stumper
    $600 18
blue cheese

Andrew
    $600 13
McKinley

Laura
    $600 28
Coke

Laura
    $600 23
yodel

David
    $1,500 9
(Alex: [In a Transylvanian accent] Who is Count [*]?)

Dracula

Laura
    $800 4
Punk'd

Laura
    $800 19
a blue plate special

Laura
    $800 14
Mother Teresa

Andrew
    $800 29
Kodak

Andrew
    $800 24
(Andrew: What is a howl--or a yowl--what is a yowl?)

a coyote

DavidAndrew
    $1000 10
Anne

Laura
    $1000 5
Extreme Makeover: Home Edition

Laura
    $1000 20
White Fang

David
    $1000 15
Trotsky

David
    $1000 30
Levi Strauss

David
    $1000 25
ichthyosaurs

Andrew

Scores at the first commercial break (after clue 15):

Laura David Andrew
$6,100 $1,600 $800

Scores at the end of the Jeopardy! Round:

Laura David Andrew
$7,900 $6,000 $2,800

Double Jeopardy! Round responses

A YOUNG PERSON'S GUIDE TO ART
BOWLING FOR DOLLARS
DID YOU READ YOUR BIBLE?
ISLANDS
GOLDEN RULER
13-LETTER WORDS
    $400 20
the Louvre

Laura
    $400 24
(David: What is 26?)

16

DavidAndrew
    $400 15
John the Baptist

Andrew
    $400 10
(David: What is Great Britain?)

Ireland

David
Triple Stumper
    $400 1
Isabella & Ferdinand

Laura
    $400 6
videocassette

Andrew
    $800 21
fresco

Laura
    $800 25
a turkey

David
    $800 16
(David: Who are [*]--)
(Alex: [Interrupting] That's enough. We asked for one of the two. I--I know you were going to say [**] for the second.)
(David: Yes.)
(Andrew: Oh, yes.)
(Alex: Of course. Select again.)

Ruth (or Esther)

David
    $800 11
Zanzibar

Andrew
    $2,000 2
Midas

Laura
    $800 7
(David: What is a fertilizer?)
...
(Alex: Yes, it's 13-LETTER WORDS. You were a little short, David.)

fertilization

DavidAndrew
    $1200 22
landscapes

Laura
    $1200 27
(David: What is a baseline?)

a foul line

LauraDavid
    $1200 17
Samson

David
    $1200 12
Ellis Island

Andrew
    $1200 3
Jason

Andrew
    $1200 8
procrastinate

Andrew
    $1600 23
(Laura: Who are Lewis and Clark?)

fur traders

LauraAndrew
    $1600 28
(David: What is 300?)
...
(Alex: [*]. Yes, 3 games.)

900

DavidAndrew
    $1600 18
David

Andrew
    $1600 13
the Virgin Islands

Laura
    $1600 4
the Golden Horde

Laura
    $1600 9
quadrilateral

David
    $2,000 26
(David: What is Cubism?)
(Alex: No, sorry, Cubism came later. [*] is what Paul Cezanne was using.)

Impressionism

David
    $2000 29
(Laura: What's the seam?)

the pocket

Laura
Triple Stumper
    $2000 19
(Andrew: What is he salted the field?)
(David: [*]?... What is [*]?)

burnt it

DavidAndrew
    $2000 14
Honshu

David
    $2000 5
Solomon

Andrew
    $2000 30
monochromatic

David

Scores at the end of the Double Jeopardy! Round:

Laura David Andrew
$13,500 $10,000 $14,000

Final Jeopardy! Round responses

AMERICANA
[David begins to hyperventilate when his big wager pays off, but before the others' responses are revealed.]
(Alex: Relax. Relax.)
DavidWho is Abe Lincoln
$10,000
LauraWho is Hearst?
$5,500
AndrewWho is Samuel Adams?
$6,000
Abraham Lincoln

Final scores:

Laura David Andrew
$8,000 $20,000 $8,000
3rd place: $5,000 if eliminated Automatic semifinalist 2nd place: $5,000 if eliminated

Game dynamics:

Coryat scores:

Laura David Andrew
$11,600 $12,000 $14,000
19 R
(including 2 DDs),
2 W
18 R,
6 W
(including 1 DD)
19 R,
3 W

Combined Coryat: $37,600

The J! Archive is created by fans, for fans. The Jeopardy! game show and all elements thereof, including but not limited to copyright and trademark thereto, are the property of Jeopardy Productions, Inc. and are protected under law. This website is not affiliated with, sponsored by, or operated by Jeopardy Productions, Inc. Join the discussion at JBoard.tv.